[Event "Turkish Cup 2022"]
[Site "Sakarya"]
[Date "2022.03.28"]
[Round "5.2"]
[White "Samani, Yamac"]
[Black "Caputcuoglu, Zeki Berke"]
[Result "1-0"]
[WhiteElo "2257"]
[BlackElo "2095"]
[Annotator "TA"]
[PlyCount "54"]
[EventDate "2022.03.25"]
[EventType "swiss"]
[EventCountry "TUR"]
[SourceTitle "playchess.com"]
[Source "ChessBase"]
[SourceQuality "1"]

{[%evp 16,54,0,0,20,25,24,33,45,29,44,35,90,96,109,100,119,125,134,144,130,156,216,214,310,302,488,479,456,351,356,347,685,290,294,291,362,366,1908,1761,2000]} 1. Nf3 Nf6 2. g3 g6 3. b3 Bg7 4. Bb2 d5 5. c4 dxc4 6. bxc4 c5 7. Bg2 O-O 8. O-O Nc6 9. d3 Qc7 {Inhibits Ne5. A05: Réti Opening: 1 Nf3 Nf6.} 10. Nc3 Rd8 {[#]} 11. Nb5 $146 ({Predecessor:} 11. Nd2 Bg4 12. Rb1 Qc8 13. Ba3 b6 14. Qa4 Nd4 15. Bxa8 Qxa8 16. f3 Bh6 17. Nde4 {1-0 (34) Praggnanandhaa,R (2608)-Maghsoodloo,P (2698) Chess.com INT 2021}) 11... Qb8 {White is slightly better.} 12. Rb1 e5 13. Ng5 {Inhibits e4.} Nd4 ({Black should try} 13... h6 $14 14. Ne4 Nxe4 15. Bxe4 Bh3) 14. Ba3 $16 Bf8 15. Nc3 Qc7 16. e3 Nf5 17. Nd5 {White is more active.} Nxd5 18. Bxd5 Nd6 {[#]} (18... Rxd5 $16 19. cxd5 Qe7) 19. f4 $1 $18 Re8 (19... Bh6 $142 20. Qf3 Bxg5) 20. Bb2 ({Don't take} 20. fxe5 $6 Rxe5 21. Ne4 (21. Bxf7+ Nxf7 22. Rxf7 Qd8 $15) 21... Rf5 22. Nf6+ (22. Bxc5 Nxe4 23. Rxf5 gxf5 $15) (22. Nxc5 Rxf1+ 23. Qxf1 Nf5 $18) 22... Kh8 $18) 20... exf4 (20... Be6 {might work better.} 21. fxe5 Nf5 22. Rxf5 gxf5) 21. Rxf4 Be6 22. Bxe6 fxe6 23. Be5 {And now Ne4 would win.} Qc6 {[#]} (23... Qe7) 24. Qg4 (24. Nxh7 $142 $1 {[%cal Od1g4][%mdl 512] Threatening mate with Qg4!} Bh6 25. Nf6+ Kf7 26. Nxe8+ Kxe8 27. Qg4) 24... Nf5 25. Qh3 {[%csl Gg5][%cal Rh3h7]} Re7 26. g4 Nd6 $2 (26... Rae8 27. Rbf1 h6) 27. Rf6 {[%cal Of6g6]} Rg7 {White took control after the opening.  Weighted Error Value: White=0.32/Black=0.48} 1-0

[Event "Turkish Cup 2022"]
[Site "Sakarya"]
[Date "2022.03.28"]
[Round "5.3"]
[White "Gulden, Egemen"]
[Black "Ozsakallioglu, Okan"]
[Result "1/2-1/2"]
[WhiteElo "2094"]
[BlackElo "2270"]
[Annotator "TA"]
[PlyCount "84"]
[EventDate "2022.03.25"]
[EventType "swiss"]
[EventCountry "TUR"]
[SourceTitle "playchess.com"]
[Source "ChessBase"]
[SourceQuality "1"]

{[%evp 13,84,-31,-25,-18,-12,-44,-11,-12,0,-4,5,-46,-8,-39,-14,-18,-9,-70,-24,-26,-33,-60,0,0,0,0,0,0,18,6,17,0,69,24,47,0,21,0,14,29,25,0,0,0,63,38,39,0,0,0,0,0,0,0,0,0,0,0,0,0,0,0,0,0,0,0,0,0,21,21,21,21,21]} 1. Nf3 d5 2. d3 Nf6 3. Nbd2 c5 4. e4 Nc6 5. c3 e6 6. Be2 Be7 7. O-O Qc7 8. Qc2 {B40: Sicilian: 2...e6, Unusual lines.} O-O 9. a3 a5 10. a4 b6 11. Re1 Ba6 12. Nf1 {[#]} (12. Nb1 $11) 12... Rfe8 $146 ({Predecessor:} 12... Rfd8 13. Bg5 Rd7 14. Bh4 Rad8 15. e5 Ng4 16. Bg3 d4 17. c4 Ngxe5 18. Nxe5 Nxe5 {1-0 (49) Gladkiy,D (2326)-Khudiakov,S (2216) Volgodonsk 2007}) 13. Ng3 Bd6 14. Bg5 Nd7 15. Bf1 (15. d4 $11 Bxe2 16. Qxe2) 15... Nde5 ({Black should play} 15... d4 $15) 16. Nxe5 $11 Bxe5 17. Qc1 dxe4 (17... Bd6 $15) 18. dxe4 Bxg3 19. hxg3 Bxf1 20. Rxf1 f6 21. Bf4 Qf7 22. Qc2 g5 (22... e5 $11 23. Be3 Rf8) 23. Be3 (23. Bd6 $14 {deserves consideration.}) 23... Ne5 24. f3 {Inhibits Ng4.} (24. Qe2 $14) 24... Rad8 25. Rfd1 g4 26. f4 Nc4 27. Qe2 {[%csl LRc4,LRg4]} (27. Bf2 $5 {[%cal Re4e5]}) 27... Nxe3 28. Qxe3 Kg7 (28... Qc7 $11) 29. Qe2 $14 h5 30. Rxd8 Rxd8 {[%mdl 4096] Endgame KQR-KQR. The position is equal.} 31. Rd1 Qc7 32. Rd3 Kf7 33. b3 Ke7 34. Rxd8 Qxd8 $11 {KQ-KQ} 35. Kf2 Qd6 36. Ke3 Qc6 37. Qa6 f5 38. Qa7+ Kf6 39. e5+ Kg6 40. Qe7 {Active counter play!} Qe4+ 41. Kf2 Qc2+ 42. Kg1 Qxb3 {Weighted Error Value: White=0.15 (very precise) /Black=0.17 (very precise)} 1/2-1/2

[Event "Turkish Cup 2022"]
[Site "Sakarya"]
[Date "2022.03.28"]
[Round "5.4"]
[White "Baltaci, Ismail Tarik"]
[Black "Kirilmaz, Emre"]
[Result "0-1"]
[WhiteElo "2033"]
[BlackElo "2229"]
[Annotator "RC"]
[PlyCount "76"]
[EventDate "2022.03.25"]
[EventType "swiss"]
[EventCountry "TUR"]
[SourceTitle "playchess.com"]
[Source "ChessBase"]
[SourceQuality "1"]
[TimeControl "5400+30"]

1. e4 {[%emt 0:00:00]} c6 {[%emt 0:18:00]} 2. d4 {[%emt 0:00:30]} d5 {[%emt 0:00:30]} 3. exd5 {[%emt 0:00:30]} cxd5 {[%emt 0:00:30]} 4. Bd3 {[%emt 0:00:30]} Nc6 {[%emt 0:00:30]} 5. c3 {[%emt 0:00:30]} Nf6 {[%emt 0:00:30]} 6. Bf4 {[%emt 0:00:00]} Bg4 {[%emt 0:00:00]} 7. Qb3 {[%emt 0:00:00]} Qd7 {[%emt 0:00:00]} 8. Nd2 {[%emt 0:00:00]} Nh5 {[%emt 0:24:30]} 9. Be3 {[%emt 0:05:00]} e6 {[%emt 0:07:30]} 10. Bb5 {[%emt 0:13:30]} Nf6 {[%emt 0:03:30]} 11. Ngf3 {[%emt 0:06:30]} Bxf3 {[%emt 0:00:30]} 12. Nxf3 {[%emt 0:00:30]} Bd6 {[%emt 0:00:30]} 13. Ne5 {[%emt 0:00:30]} Bxe5 {[%emt 0:00:30]} 14. dxe5 {[%emt 0:00:30]} Ng4 {[%emt 0:05:30]} 15. Bf4 {[%emt 0:05:30]} Qc7 {[%emt 0:05:30]} 16. c4 {[%emt 0:15:30]} dxc4 {[%emt 0:06:30]} 17. Qc3 {[%emt 0:05:30]} Qb6 {[%emt 0:09:13]} 18. Bxc6+ {[%emt 0:01:30]} Qxc6 {[%emt 0:00:03]} 19. f3 {[%emt 0:04:30]} Nh6 {[%emt 0:04:11]} 20. Bxh6 {[%emt 0:02:30]} gxh6 {[%emt 0:00:30]} 21. O-O-O {[%emt 0:00:00]} Qc5 {[%emt 0:03:33]} 22. Rd4 {[%emt 0:03:00]} b5 {[%emt 0:03:51]} 23. Rhd1 {[%emt 0:01:30]} O-O {[%emt 0:04:37]} 24. Kb1 {[%emt 0:19:46]} Kh8 {[%emt 0:00:21]} 25. Qe3 {[%emt 0:01:37]} Rac8 {[%emt 0:01:30]} 26. Qf4 {[%emt 0:06:48]} Qe7 {[%emt 0:00:02]} 27. Qxh6 {[%emt 0:00:35]} Rfd8 {[%emt 0:00:31]} 28. Rd6 {[%emt 0:00:49]} b4 {[%emt 0:00:58]} 29. R1d4 {[%emt 0:01:01]} c3 {[%emt 0:00:36]} 30. Rh4 {[%emt 0:01:23]} f5 {[%emt 0:00:29]} 31. Rhd4 {[%emt 0:02:19]} cxb2 {[%emt 0:00:33]} 32. Qd2 {[%emt 0:00:58]} Rg8 {[%emt 0:00:29]} 33. Kxb2 {[%emt 0:01:41]} Qc7 {[%emt 0:00:19]} 34. Rxb4 {[%emt 0:00:22]} Rxg2 {[%emt 0:00:19]} 35. Rd8+ {[%emt 0:00:43]} Rxd8 {[%emt 0:00:48]} 36. Qxg2 {[%emt 0:00:30]} Qxe5+ {[%emt 0:00:00]} 37. Kb3 {[%emt 0:00:22]} a5 {[%emt 0:00:50]} 38. f4 {[%emt 0:00:38]} Qe3+ {[%emt 0:00:13]} 0-1

[Event "Turkish Cup 2022"]
[Site "Sakarya"]
[Date "2022.03.28"]
[Round "5.5"]
[White "Koksal, Ege"]
[Black "Gulsoy, Mustafa Alpago"]
[Result "1-0"]
[WhiteElo "2343"]
[BlackElo "2023"]
[Annotator "TA"]
[PlyCount "107"]
[EventDate "2022.03.25"]
[EventType "swiss"]
[EventCountry "TUR"]
[SourceTitle "playchess.com"]
[Source "ChessBase"]
[SourceQuality "1"]

{[%evp 16,107,29,29,54,61,51,20,25,22,30,19,25,28,40,31,31,16,45,43,80,68,67,77,87,67,81,67,83,74,102,81,124,150,122,85,80,104,118,119,237,233,317,315,354,355,361,359,360,368,370,366,405,219,213,228,281,177,181,85,86,87,85,88,85,87,604,595,593,573,660,658,700,529,633,581,529,518,1072,1006,340,1697,5165,5165,29989,29990,29994,29995,29995,29996,29996,29997,29997,600]} 1. d4 f5 2. g3 Nf6 3. Bg2 g6 4. b3 d6 5. Bb2 Bg7 6. Nf3 O-O 7. O-O c6 8. Nbd2 Na6 9. e3 Nc7 {A81: Dutch Defence: 2 g3.} 10. Qe2 Qe8 {[#]} 11. e4 $146 ({Predecessor:} 11. Ne1 Ne6 12. Nd3 Ng5 13. f3 h5 14. Rae1 Kh7 15. Nf2 Bd7 16. f4 Ne6 17. e4 fxe4 18. Nfxe4 Nxe4 19. Qxe4 {1-0 (49) Stillger,B (2279)-Kampman,T (2102) Vlissingen 2015}) 11... fxe4 {The position is equal.} 12. Nxe4 Nxe4 13. Qxe4 Bf5 14. Qe2 Qd7 15. c4 Rae8 16. Qe3 Qe6 17. Qd2 {[%cal Od4d5]} Qf6 18. Nh4 Ne6 {[%cal Re6d4]} 19. Nxf5 (19. Rad1 {looks sharper.} Bg4 20. f3 Bh5 21. Bh3 Ng5 22. Bd7) 19... gxf5 {[%cal Bg6f5,Bf5f4][%mdl 32]} 20. Rfd1 f4 21. Rab1 $1 {And now d5 would win.} Qh6 22. d5 Ng5 23. dxc6 {aiming for Bxg7.} bxc6 (23... Bxb2 $142 24. Rxb2 (24. Qxb2 bxc6 25. Qd2 Qh5 $11) 24... fxg3 25. hxg3 (25. fxg3 bxc6 26. Kh1 c5 $16) 25... bxc6) 24. h4 $1 $16 ({But not} 24. gxf4 $6 Rxf4 25. Bxg7 Kxg7 $15) (24. Bxc6 fxg3 25. fxg3 Nh3+ 26. Kh1 Rf1+ 27. Rxf1 Qxd2 $17) 24... Nf7 25. Qxf4 Qxf4 26. gxf4 Nd8 27. Bc1 {White is more active. This bishop pair is nice.} Bf6 (27... Bh6 $16) 28. b4 $18 {[%cal Bb3b4,Bb4b5][%mdl 32]} Kf7 29. Be3 Rg8 30. Kf1 (30. Bxa7 Rg4 $16) 30... Rg4 31. a4 (31. Bxa7 Reg8 $14) 31... Reg8 32. Bf3 Rxh4 33. b5 Ne6 34. Bxc6 (34. bxc6 $142 Nxf4 35. Rb7) 34... Nxf4 35. a5 ({Wrong is} 35. Bxa7 $2 Rhg4 36. f3 Rh4 $19) 35... Rc8 {[%cal Oc8c6]} 36. Bxf4 ({Not} 36. Bxa7 $2 Rxc6 $1 {[%mdl 512]} 37. Kg1 Rc8 $19) 36... Rxf4 {[#]} 37. a6 (37. b6 $1 $18 axb6 38. Bb7) 37... Bd4 $16 {[#]} 38. Rxd4 $1 Rxd4 {[%mdl 4096] Endgame [#] KRR-KRB} 39. b6 $1 axb6 (39... Rxc6 $2 40. b7 Rxa6 41. c5 $18) 40. a7 Rxc6 $2 {[%mdl 8192] Loses the game.} (40... Kf6 $16) 41. a8=Q $18 Rdxc4 42. Rb3 R6c5 43. Qf3+ Ke6 44. Re3+ Re5 45. Qh3+ Kd5 46. Rd3+ Rd4 (46... Kc5 $142 47. Qc8+ Kb4) 47. Rb3 Rd1+ 48. Kg2 Rg5+ 49. Kh2 {White threatens Rb5+ and mate.} Rgg1 50. Qf3+ {White mates.} Ke6 51. Re3+ Kd7 52. Qb7+ Kd8 53. Qxe7+ Kc8 54. Rc3+ {Weighted Error Value: White=0.15 (very precise) /Black=0.53} 1-0

[Event "Turkish Cup 2022"]
[Site "Sakarya"]
[Date "2022.03.28"]
[Round "5.6"]
[White "Kul, Ozdemir Efe"]
[Black "Yaran, Siar"]
[Result "0-1"]
[WhiteElo "2042"]
[BlackElo "2272"]
[Annotator "TA"]
[PlyCount "72"]
[EventDate "2022.03.25"]
[EventType "swiss"]
[EventCountry "TUR"]
[SourceTitle "playchess.com"]
[Source "ChessBase"]
[SourceQuality "1"]

{[%evp 9,72,11,15,0,-6,0,-1,-22,-26,-27,-27,-39,-26,-28,-22,-58,-51,-95,-92,-85,-57,-131,-124,-151,-129,-168,-172,-167,-169,-150,-162,-166,-168,-284,-252,-321,-320,-468,-450,-740,-720,-676,-665,-670,-591,-812,-814,-860,-858,-833,-816,-1297,-1241,-1645,-1593,-1324,-1018,-1842,-2040,-1894,-1891,-29983,-29984,-29985,-29986]} 1. Nf3 d5 2. g3 Nd7 3. Bg2 e5 4. d3 Ngf6 5. O-O Be7 6. Nc3 {A07: Réti Opening: New York and Capablanca Systems.} O-O 7. e4 dxe4 8. dxe4 {The position is equal.} c6 9. h3 Qc7 10. Qe2 Re8 {[#]} 11. Nh4 $146 ({Predecessor:} 11. Be3 Bc5 12. Rad1 Bxe3 13. fxe3 Qb6 14. b3 Qb4 15. Qc4 Qxc4 16. bxc4 Nc5 17. Nh4 {0-1 (41) Marcos Herrero,F (1842)-Ramos Fernandez,P (2008) De los Reyes 2019}) 11... g6 12. Be3 b5 {[%cal Bb7b5,Bb5b4][%mdl 32]} 13. a4 (13. Rfd1 $15) 13... b4 $17 14. Nb1 a5 15. Nd2 (15. Rd1 $15) 15... Ba6 16. Nc4 Bc5 17. Bxc5 Nxc5 18. Rfd1 Qe7 19. b3 Rad8 20. Kh2 Nfd7 {[%cal Od7b6] Strongly threatening ...Nb6!} 21. Nf3 {[#]} (21. Bf1 {might work better.}) 21... Nb6 $1 $19 22. Nfd2 ({Much worse is} 22. Rxd8 Rxd8 23. Ra2 Bxc4 24. bxc4 Ra8 $19) 22... Rd4 23. f3 (23. Qe1 $142 Nxc4 24. Nxc4 Bxc4 25. Rxd4 exd4 26. bxc4) 23... Red8 24. Bf1 (24. f4 $142 exf4 25. gxf4) 24... Bxc4 25. Nxc4 Nxc4 26. bxc4 Qd6 {[%cal Rd4d1]} 27. Rxd4 Qxd4 28. Qe1 Qd2+ 29. Kg1 Qxc2 {...Nb3 is the strong threat.} 30. Qf2 Qc3 31. Ra2 {[#]} b3 $1 32. Re2 Nd3 33. Qe3 b2 34. Rxb2 Qxb2 35. Bxd3 Qc3 36. Qb6 Rxd3 {Weighted Error Value: White=0.96/Black=0.12 (very precise)} 0-1

[Event "Turkish Cup 2022"]
[Site "Sakarya"]
[Date "2022.03.28"]
[Round "5.7"]
[White "Yazici, Ugur Doga"]
[Black "Temizer, Umut"]
[Result "0-1"]
[WhiteElo "2195"]
[BlackElo "1972"]
[Annotator "TA"]
[PlyCount "144"]
[EventDate "2022.03.25"]
[EventType "swiss"]
[EventCountry "TUR"]
[SourceTitle "playchess.com"]
[Source "ChessBase"]
[SourceQuality "1"]

{[%evp 9,144,0,14,0,21,12,11,12,28,14,27,25,35,4,8,4,0,14,21,24,27,-2,8,8,15,6,0,3,41,-32,-19,-90,-17,-31,-26,-33,-24,-32,0,-50,-18,-28,-25,-23,0,-15,0,-14,-12,-48,-46,-70,-50,-56,0,0,0,0,0,-286,-272,-282,-286,-275,-277,-389,-116,-185,0,0,0,-203,-202,-219,0,0,0,0,0,0,0,0,0,0,0,-176,-183,-180,-175,-177,-162,-437,-437,-437,-156,-144,0,-8,0,-135,0,-8,0,-194,-193,-176,-8,-87,-8,-22,-8,-53,-8,-8,-8,-8,-8,-66,-66,-170,-67,-68,-68,-29978,-29979,-29979,-29980,-29982,-29979,-29979,-29980,-29980,-29981,-29983,-29984,-29981,-29981]} 1. e4 c5 2. Nf3 d6 3. Bb5+ Nd7 4. c4 a6 5. Ba4 Ngf6 6. Nc3 {B51: Sicilian: Moscow Variation (3 Bb5+) without 3...Bd7.} g6 7. O-O Bg7 8. d3 {The position is equal.} O-O 9. h3 b6 10. Rb1 Bb7 11. a3 e6 12. Re1 Qc7 13. Bd2 Ne5 14. Nxe5 dxe5 {[#]} 15. Be3 $146 ({Predecessor:} 15. b4 Rfd8 16. Qe2 Bc6 17. Bxc6 Qxc6 18. Qf3 Rd7 19. Bg5 Ne8 20. Red1 f6 21. Be3 {1-0 (33) Shuvalova,P (2454)-Vantika,A (2286) Chess.com INT 2020}) 15... Rad8 {[%cal Of6e4]} 16. Qc2 Nh5 17. b4 Nf4 18. Red1 b5 {[#] ...cxb4 is the strong threat.} 19. Bxc5 bxa4 $15 20. Nxa4 (20. Bxf8 $11 {remains equal.} Bxf8 21. Nxa4) 20... Rxd3 21. Bxf8 Rxd1+ 22. Rxd1 Bxf8 23. c5 f5 24. f3 (24. Nc3 $11) 24... Bc6 25. Nc3 Qe7 26. Rd6 Qc7 27. Rd1 h5 28. Kh2 h4 29. Qf2 Be7 30. a4 Be8 {Black is more active.} 31. Qf1 Qb7 (31... Qc8 $15 32. a5 Qb7) 32. Qc4 $11 Qc6 33. Rb1 Qd7 {Hoping for ...Qd4.} 34. Rb2 $2 {[%mdl 8192]} (34. Rd1 $11 {and White is okay.} Qc8 35. Rd2) 34... Qd4 $19 35. Qb3 Kf7 36. Rc2 Qd3 37. Qb2 (37. Qb1 $142) 37... a5 $2 (37... Bg5 $19 {has better winning chances. And now ...Nh5 would win.} 38. b5 axb5 39. exf5 (39. axb5 $2 Nh5 $19) 39... gxf5 40. axb5 Nh5) 38. Nb5 (38. bxa5 $17 Bc6 39. Qc1) 38... Bc6 $2 (38... fxe4 $19 39. Rc3 Qd1) 39. Nd6+ $11 Bxd6 40. Rd2 $2 {[#]} (40. cxd6 $11 Bd7 41. bxa5 fxe4 42. Qc3) 40... Qf1 $1 $19 41. cxd6 {[#]} Nd3 ({Don't take} 41... Bxa4 42. Qxe5 (42. d7 Qe1 $11) 42... Ne2 43. Qc5 $16) (41... Nxh3 $1 $19 {[%mdl 512] ( -> ...Qg1+)} 42. Qxe5 (42. gxh3 $2 Qxf3 43. Rg2 Bxe4 $19) (42. d7 $2 Qg1+ 43. Kxh3 Qh1#) 42... Nf2 43. Rxf2 Qxf2) 42. Qc3 $11 Nf2 $40 {[%mdl 128] Black is up to no good. Chess con chili.} 43. Rxf2 $1 Qxf2 44. b5 Bd7 45. exf5 gxf5 46. Qxa5 e4 47. Qd8 $2 (47. Qc7 $11) 47... Qg3+ $19 48. Kh1 Qxd6 49. fxe4 fxe4 50. b6 $2 (50. Qxh4 {is a better defense.} Qd1+ 51. Kh2) 50... e3 51. b7 e2 {[%cal Re2e1]} 52. Qxh4 Qd1+ (52... Qe5 $17 53. Qh7+ Kf8 54. Qh6+ Kf7 55. Qh7+ Kf8 56. Qh6+ Kf7 57. Qh7+) 53. Kh2 $11 Qd6+ (53... Qb1 $11) 54. Kh1 $17 Qd1+ ({Black should play} 54... Qe5 $17 55. Qh7+ Kf8 56. Qh6+ Kf7 57. Qh7+ Kf8 58. Qh6+ Kf7 59. Qh7+) 55. Kh2 $11 e1=Q ({Stronger than} 55... Qd6+ 56. Kh1 $17) 56. Qxe1 $2 (56. Qh7+ $11 {and White stays safe.} Kf6 57. Qh8+ Kg5 58. Qg8+ Kf5 59. Qh7+ Kg5 60. Qg8+ Kh5 61. Qf7+ Kg5 62. Qg8+) 56... Qxe1 $19 57. b8=Q {Prevents Qb4.} Ke7 $2 (57... Qa5 $1 $19 58. Qf4+ Ke8) 58. Qf4 {[#]} (58. Qc7 $1 $11 {keeps the balance.}) 58... e5 (58... Qa5 $1 $17 59. Qh4+ Kd6 60. Qd4+ Qd5 61. Qb4+ Kc7) 59. Qg5+ $1 $11 Kd6 60. Qf6+ Kc7 (60... Kc5 $15 {should be considered.} 61. Qe7+ Kc6) 61. h4 $1 Bxa4 62. h5 $1 Qe4 {Threatens to win with ...Bd7.} 63. Qe7+ ({Better is} 63. h6 $1 $11) 63... Kb6 64. Qd6+ {[#]} (64. Qf6+ $15 Bc6 65. Qf2+ Kc7 66. Qf7+ Bd7 67. Qe7) 64... Kb5 (64... Bc6 $1 $19 {[%csl Gc6][%cal Re4g2]} 65. Qb8+ Bb7 66. Qd8+ Kb5 67. Qd7+ Bc6) 65. h6 $15 Bc2 $1 66. Kh3 $2 {[%mdl 8192] Inhibits Qh4+. Loses the game.} (66. Qb8+ $15 Kc4 67. Qc7+ Kd4 68. Qa7+ Kc3 69. Qg7) 66... Qd3+ {Black mates.} 67. Qxd3+ Bxd3 {KB-KPP} 68. g4 Kc5 69. Kh4 Kd5 70. Kh5 Ke6 71. Kg5 Bh7 72. Kh4 Kf6 {Weighted Error Value: White=0.41/Black=0.42} 0-1

[Event "Turkish Cup 2022"]
[Site "Sakarya"]
[Date "2022.03.28"]
[Round "5.8"]
[White "Koc, Ilkay"]
[Black "Zor, Alber Kadir"]
[Result "1/2-1/2"]
[WhiteElo "1995"]
[BlackElo "2147"]
[Annotator "RC"]
[PlyCount "41"]
[EventDate "2022.03.25"]
[EventType "swiss"]
[EventCountry "TUR"]
[SourceTitle "playchess.com"]
[Source "ChessBase"]
[SourceQuality "1"]
[TimeControl "5400+30"]

1. d4 {[%emt 0:01:00]} Nf6 {[%emt 0:01:00]} 2. c4 {[%emt 0:00:30]} e6 {[%emt 0:00:30]} 3. g3 {[%emt 0:00:30]} d5 {[%emt 0:00:30]} 4. Nf3 {[%emt 0:00:00]} dxc4 {[%emt 0:00:00]} 5. Bg2 {[%emt 0:00:00]} c5 {[%emt 0:00:00]} 6. O-O {[%emt 0:00:00]} Nc6 {[%emt 0:00:00]} 7. Qa4 {[%emt 0:00:00]} Bd7 {[%emt 0:00:00]} 8. Qxc4 {[%emt 0:00:00]} b5 {[%emt 0:00:30]} 9. Qd3 {[%emt 0:00:00]} c4 {[%emt 0:00:30]} 10. Qc2 {[%emt 0:00:00]} Rc8 {[%emt 0:04:30]} 11. Nc3 {[%emt 0:09:00]} Be7 12. Bg5 {[%emt 0:02:30]} Qb6 {[%emt 0:19:00]} 13. Rfd1 {[%emt 0:19:30]} O-O {[%emt 0:15:30]} 14. a3 {[%emt 0:04:30]} h6 {[%emt 0:10:30]} 15. Be3 {[%emt 0:08:30]} Nd5 {[%emt 0:00:30]} 16. Nxd5 {[%emt 0:04:30]} exd5 {[%emt 0:00:30]} 17. Ne5 {[%emt 0:00:30]} Be6 {[%emt 0:00:30]} 18. f4 {[%emt 0:05:30]} Nxe5 {[%emt 0:14:30]} 19. fxe5 {[%emt 0:00:00]} a5 {[%emt 0:00:30]} 20. Bf2 {[%emt 0:00:00]} Rfd8 {[%emt 0:02:30]} 21. e4 {[%emt 0:05:30]} 1/2-1/2

[Event "Turkish Cup 2022"]
[Site "Sakarya"]
[Date "2022.03.28"]
[Round "5.9"]
[White "Maruflu, Enes Yusuf"]
[Black "Guven, Oguz Kagan"]
[Result "0-1"]
[WhiteElo "1945"]
[BlackElo "2157"]
[Annotator "TA"]
[PlyCount "78"]
[EventDate "2022.03.25"]
[EventType "swiss"]
[EventCountry "TUR"]
[SourceTitle "playchess.com"]
[Source "ChessBase"]
[SourceQuality "1"]

{[%evp 11,77,35,34,17,20,0,0,0,0,0,0,0,24,25,18,22,50,54,58,11,13,0,0,0,-11,-6,25,-67,-69,-79,-45,-56,-54,-48,-72,-198,-193,-191,-193,-244,-241,-336,-332,-556,-547,-608,-282,-737,-735,-1099,-1079,-29977,-29977,-4978,-994,-29986,-29987,-29992,-29991,-29993,-29992,-29996,-29996,-29997,-29997,-29998,-29998,-29999]} 1. e4 c6 2. d4 d5 3. f3 {[%cal Bf2f3,Bf3e4,Be4e5][%mdl 32]} g6 4. Nc3 Bg7 5. Be3 dxe4 6. fxe4 Nf6 7. Be2 {Inhibits Ng4. B15: Caro-Kann: 3 Nc3: 3...g6 and 3...dxe4 4 Nxe4 Nf6 5 Nxf6+ exf6.} O-O {[%cal Oc6c5]} 8. e5 Nd5 9. Nxd5 {The position is equal.} Qxd5 10. Nf3 {[#]} c5 $146 ({Predecessor:} 10... f6 11. O-O Be6 12. Qd2 fxe5 13. Nxe5 Rxf1+ 14. Rxf1 Bxe5 15. dxe5 Qxd2 16. Bxd2 Nd7 {½-½ (42) Martin Capitan,F (2124)-Alvarez Pedraza,A (2484) Barcelona 2016}) 11. dxc5 Qe6 (11... Qe4 $5 {[%cal Re4e3]} 12. Qd3 Qb4+ 13. Qc3 Qxc3+ 14. bxc3 Nc6 $11) 12. Qd4 Nc6 {[%csl LRd4,LRe5]} 13. Qh4 {Strongly threatening Ng5.} Qg4 14. Qxg4 Bxg4 15. Bf4 (15. h3 $14 {was preferrable.} Bf5 16. O-O-O) 15... Rac8 $11 16. c3 {Prevents Nb4.} Bxf3 17. gxf3 Nxe5 {[%cal Bc6e5,Be5d7,Bd7b6,Bb6a4,Ba4c3][%mdl 32]} 18. b4 b6 {[%cal Bb7b6,Bb6c5,Bc5c4][%mdl 32]} 19. a4 (19. O-O-O $1 $11) 19... bxc5 $15 20. b5 Nd7 {Black is more active.} (20... Rfd8 $5 {[%cal Re5d3]} 21. Rd1 Nd7 $17) 21. O-O-O Nb6 $36 {[%mdl 2048] Black is more active.} 22. a5 Na4 23. Rd7 {[#] This costs White the game.} (23. c4 $17) 23... c4 $1 $19 (23... Nxc3 24. Bc4 $11) 24. Bd2 {[#]} Rc5 $1 ({But not} 24... Bxc3 25. Rxa7 Rc5 26. b6 $16) ({Weaker is} 24... Nxc3 25. Bxc3 Bxc3 26. Rxa7 $11) 25. Rxa7 (25. Kc2 $142 Rxb5 26. Rb1 Rxa5 27. Ra1) 25... Rxb5 {aiming for ...Rfb8.} 26. Bxc4 Rc5 27. Bf1 (27. Bd3 {was called for.} Rd8 28. Bc2 Nxc3 29. Bxc3 Bxc3 30. Rd1) 27... Nxc3 28. Be3 Rc6 (28... Ne2+ $142 29. Kd2 Rd8+ 30. Ke1 (30. Kxe2 Rc2+ 31. Bd2 Rdxd2+ 32. Ke3 Bd4+ 33. Kf4 Bxa7 34. h4 Bb8+ 35. Ke3 Bg3 36. Bd3 Bf2+ 37. Ke4 f5+ 38. Kf4 Rxd3 39. h5 Rd4+ 40. Kg5 Be3+ 41. f4 Bxf4+ 42. Kh4 g5+ 43. Kh3 Rd3#) 30... Nd4) 29. Kd2 $2 (29. Rd7 Nd5+ 30. Kd2 Bc3+ 31. Ke2) 29... Rd8+ 30. Ke1 Re6 31. Rb7 Rxe3+ 32. Kf2 Bd4 {( -> ...Nd1+)} 33. a6 Re5+ {Black mates.} 34. Kg2 Rg5+ 35. Kh3 Nd5 36. Bc4 Nf4+ 37. Kh4 Bf6 {[%cal Rg5g2]} 38. Rb6 e6 {[%cal Rg5g2]} 39. a7 Rg2# {Weighted Error Value: White=1.02/Black=0.35} 0-1

[Event "Turkish Cup 2022"]
[Site "Sakarya"]
[Date "2022.03.28"]
[Round "5.10"]
[White "Isik, Alparslan"]
[Black "Bagci, Hikmet"]
[Result "1-0"]
[WhiteElo "2328"]
[BlackElo "1630"]
[Annotator "TA"]
[PlyCount "69"]
[EventDate "2022.03.25"]
[EventType "swiss"]
[EventCountry "TUR"]
[SourceTitle "playchess.com"]
[Source "ChessBase"]
[SourceQuality "1"]

{[%evp 13,69,17,39,43,37,18,54,50,55,51,70,51,85,83,112,106,110,85,94,87,90,88,84,66,179,193,213,218,326,269,252,188,199,198,187,173,215,200,205,223,225,219,318,318,311,311,311,311,306,292,248,255,259,260,6409,6511,5514,2617]} 1. d4 Nf6 2. c4 e6 3. Nf3 b6 4. g3 Bb7 5. Bg2 Be7 6. O-O O-O 7. Re1 c5 8. d5 {E17: Queen's Indian: 4 g3 Bb7 5 Bg2 Be7.} exd5 9. Nh4 {[%cal Rc4d5]} g6 10. cxd5 {aiming for d6. White is slightly better.} d6 11. e4 {[%cal Be2e4,Be4e5][%mdl 32]} Nbd7 {[#]} 12. f4 $146 {White is more active.} ({Predecessor:} 12. a4 a6 13. b3 b5 14. Bb2 Ne8 15. Nf3 Bf6 16. Bxf6 Nexf6 17. Qc2 Re8 18. Nbd2 {½-½ (29) Dimitrov,V (2318)-Kermer,W (2329) ICCF email 2014}) 12... Nh5 13. Nf3 Ng7 14. Nc3 Re8 15. e5 a6 16. b3 b5 17. Bb2 f5 {Inhibits Ne4.} 18. Qd2 b4 (18... Nb6 $1 $14) 19. Na4 $18 Qc7 20. Rac1 Nb6 (20... Rad8 {might work better.} 21. e6 Nf6) 21. Nxb6 Qxb6 22. Kh1 Rad8 23. Rcd1 a5 24. exd6 Bxd6 (24... Qxd6 $142 25. Ne5 Bf8) 25. Ne5 $1 Qc7 {[#]} 26. Nc4 $1 Rxe1+ 27. Rxe1 Ba6 (27... Qf7 $142 28. Nxa5 Ba6) 28. Nxd6 Qxd6 29. Bxg7 Kxg7 {[#]} 30. Qb2+ $1 Kg8 31. Re6 Qxe6 32. dxe6 {White wants to mate with Bc6.} Rd1+ 33. Bf1 Rxf1+ $2 (33... Bxf1 34. Kg1 (34. Qc2 Ra1 $18) 34... Bb5+ 35. Kg2 Rd4) 34. Kg2 {Qf6 is the strong threat.} Re1 35. Qf6 {Weighted Error Value: White=0.07 (flawless) /Black=0.26 (precise)} 1-0